| 000 | 01356nam a22003737a 4500 | ||
|---|---|---|---|
| 003 | CHAP | ||
| 005 | 20220329140215.0 | ||
| 008 | 971013s1966 r 00010 d | ||
| 010 | _a48571 | ||
| 011 | _a49543 | ||
| 035 | _a53692 | ||
| 040 | _cCHAP | ||
| 090 | _aTesis | ||
| 100 | 0 | 0 |
_aVejar Luján, Jesús María. _9118341 |
| 245 | _aRelación Meloidgyne sp Rhizoctonia solani y su influencia en el desarrollo de frijol bajo condiciones de invernadero | ||
| 260 |
_a(Hermosillo, Son.) : _bEl autor, _c1966 |
||
| 300 |
_a23 h. _b: ilus. |
||
| 502 | _aTesis (Ing. Agrónomo Esp. en Fitotecnia) -- Univ. de Sonora. Escuela de Agricultura y Ganadería | ||
| 590 |
_aALEPH _b10 _c20130110 _lUCH01 _h1320 |
||
| 590 |
_aBATCH-UPD _b10 _c20130110 _lUCH01 _h0217 |
||
| 590 |
_aBATCH-UPD _b10 _c20130110 _lUCH01 _h1020 |
||
| 590 |
_aBATCH-UPD _b10 _c20130409 _lUCH01 _h2237 |
||
| 590 |
_aBATCH-UPD _b10 _c20130410 _lUCH01 _h1028 |
||
| 590 |
_aBATCH-UPD _b10 _c20130914 _lUCH01 _h1128 |
||
| 590 |
_aCONVERSION _b10 _c20130109 _lUCH01 _h1326 |
||
| 650 | 1 | 4 |
_aCultivos en invernadero. _930376 |
| 650 | 1 | 4 |
_aFrijol _xEnfermedades por hongos. _943369 |
| 650 | 1 | 4 |
_aFrijol _xEnfermedades por nemátodos. _943370 |
| 650 | 1 | 4 |
_aMeloidogyne. _974428 |
| 650 | 1 | 4 |
_aRhizoctonia solani. _997134 |
| 901 | _aBK | ||
| 942 | _cTESIS | ||
| 949 |
_bBC _cTES _d-118904 _eTS1 _h18839 _i53692 _si |
||
| 999 |
_c48571 _d48571 |
||